[Event "Bad Woerishofen 2017 - Senioren"]
[Site "Bad Woerishofen"]
[Date "2017.03.15"]
[Round "4.15"]
[White "Schwis, Joachim"]
[Black "Weenink, Henk"]
[Result "0-1"]
[WhiteElo "1979"]
[BlackElo "2132"]
[Annotator "chessorg"]
[PlyCount "100"]
[EventDate "2017.??.??"]
[BlackTeam "SC Soest 1922"]

1. c4 c6 2. e4 e6 3. d4 d5 4. cxd5 exd5 5. exd5 cxd5 6. Nc3 Nf6 7. Nf3 Be7 8.
Be2 O-O 9. O-O Nc6 10. a3 Ne4 11. Ne5 Bf5 12. Bf3 Rc8 13. Re1 Nxe5 14. dxe5
Nxc3 15. bxc3 Be6 16. Be3 Rxc3 17. Bxa7 Rxa3 18. Rxa3 Bxa3 19. Qd3 Bb4 20. Rd1
Qa5 21. Be3 Bc3 22. h3 Bxe5 23. Bg5 h6 24. Bd2 Qa6 25. Qe3 Bf6 26. Bc3 Bxc3 27.
Qxc3 Qc6 28. Qb4 b6 29. Rb1 Rb8 30. Qd4 Rb7 31. Rb4 Rb8 32. Qe5 Rd8 33. Qe3 Rd6
34. Qf4 Qc5 35. Be2 d4 36. Rb5 Qc7 37. Bd3 Qd8 38. Qe4 g6 39. Re5 Kg7 40. h4
Qd7 41. Qf4 Rd5 42. Re1 Qd6 43. Qd2 Bf5 44. Bxf5 Rxf5 45. Re4 Rd5 46. f4 d3 47.
Qb2+ Qf6 48. Qd2 Qxh4 49. Re8 Qf6 50. Qb4 Qd4+ 0-1

[Event "Bad Woerishofen 2017 - Senioren"]
[Site "Bad Woerishofen"]
[Date "2017.03.15"]
[Round "4.16"]
[White "Kierzek, Mira"]
[Black "Villing, Dieter"]
[Result "1-0"]
[WhiteElo "1974"]
[BlackElo "2089"]
[PlyCount "75"]
[EventDate "2017.??.??"]
[WhiteTeam "SC Fulda"]
[BlackTeam "SK 1962 Ladenburg"]

1. d4 Nf6 2. Nf3 d6 3. c4 Bg4 4. e3 Nc6 5. Be2 e5 6. Nc3 Be7 7. h3 Bh5 8. O-O
O-O 9. d5 Nb8 10. b3 Nbd7 11. Bb2 Nc5 12. b4 Nce4 13. Nd2 Bg6 14. Ncxe4 Nxe4
15. Nxe4 Bxe4 16. Rc1 a5 17. a3 axb4 18. axb4 b6 19. Qb3 Qd7 20. Ra1 Bg6 21.
Bd3 f5 22. Be2 Bf7 23. Rfd1 Rfb8 24. b5 Qe8 25. Qc2 Bg6 26. Bd3 e4 27. Be2 Rxa1
28. Rxa1 Ra8 29. Ra4 Bf6 30. Bxf6 gxf6 31. Ra6 f4 32. exf4 Bf5 33. g4 Bd7 34.
Rxa8 Qxa8 35. Qxe4 Qa1+ 36. Kg2 f5 37. Qe7 Qg7 38. Qd8+ 1-0

[Event "Bad Woerishofen 2017 - Senioren"]
[Site "Bad Woerishofen"]
[Date "2017.03.15"]
[Round "4.17"]
[White "Rahn, Oskar"]
[Black "Krotofil, Kurt"]
[Result "0-1"]
[WhiteElo "2088"]
[BlackElo "1943"]
[Annotator "chessorg"]
[PlyCount "170"]
[EventDate "2017.??.??"]
[BlackTeam "Niendorfer TSV 1919 SAbt"]

1. e4 c5 2. Nf3 Nc6 3. Bb5 g6 4. O-O Bg7 5. c3 Qb6 6. Qe2 Nf6 7. Na3 a6 8. Bxc6
Qxc6 9. d3 O-O 10. h3 b5 11. Bg5 Re8 12. Rfe1 Bb7 13. c4 e5 14. b3 d6 15. Nc2
Reb8 16. Ne3 Bc8 17. Qd2 Ra7 18. Bxf6 Bxf6 19. Nd5 Bd8 20. Qh6 f5 21. Ng5 Qe8
22. exf5 Bxf5 23. Ne4 Bxe4 24. Rxe4 Rf7 25. f4 Rf5 26. g4 Qf8 27. Qxf8+ Rxf8
28. fxe5 dxe5 29. Kg2 Bh4 30. Re2 b4 31. Rc1 Rb7 32. Rcc2 Rbf7 33. g5 Bxg5 34.
Rxe5 Bh4 35. Re4 g5 36. Ree2 Rf3 37. Re3 Rf2+ 38. Rxf2 Rxf2+ 39. Kh1 Rxa2 40.
Nf6+ Kg7 41. Nd7 Bf2 42. Re5 Kg6 43. Nxc5 Bxc5 44. Rxc5 Ra3 45. d4 Rxb3 46.
Rc6+ Kf5 47. Rxa6 Rxh3+ 48. Kg2 Rc3 49. c5 Ke4 50. Rb6 b3 51. c6 Rc2+ 52. Kg3
b2 53. c7 Rxc7 54. Rxb2 h5 55. Rb5 Rg7 56. Re5+ Kxd4 57. Re8 Ra7 58. Rg8 Ra3+
59. Kg2 Ra5 60. Kg3 Ke4 61. Rh8 Ra3+ 62. Kg2 h4 63. Rf8 Rg3+ 64. Kh2 Rf3 65.
Ra8 Rd3 66. Ra4+ Rd4 67. Ra8 g4 68. Rf8 Rd2+ 69. Kg1 Rd3 70. Kg2 h3+ 71. Kh2
Rd2+ 72. Kg1 g3 73. Re8+ Kf5 74. Rf8+ Ke6 75. Re8+ Kd7 76. Re1 Kd6 77. Ra1 Ke5
78. Rb1 Ke4 79. Ra1 Ke3 80. Re1+ Re2 81. Ra1 Kf3 82. Ra3+ Re3 83. Ra1 g2 84.
Rb1 Rd3 85. Kh2 Ke2 0-1

[Event "Bad Woerishofen 2017 - Senioren"]
[Site "Bad Woerishofen"]
[Date "2017.03.15"]
[Round "4.18"]
[White "Lange, Manfred"]
[Black "Koenigl, Anton"]
[Result "1/2-1/2"]
[WhiteElo "2081"]
[BlackElo "1922"]
[Annotator "chessorg"]
[PlyCount "61"]
[EventDate "2017.??.??"]
[WhiteTeam "SV Würzburg von 1865 e.V."]
[BlackTeam "FC Ergolding 1932 e.V."]

1. e4 c5 2. Nf3 Nc6 3. Nc3 g6 4. d4 cxd4 5. Nxd4 Bg7 6. Be3 d6 7. Be2 Nf6 8.
O-O O-O 9. Qd2 Ng4 10. Bxg4 Bxg4 11. f4 Bd7 12. Nb3 Na5 13. Nxa5 Qxa5 14. e5
Bc6 15. exd6 exd6 16. Bd4 Bxd4+ 17. Qxd4 Qc5 18. Rad1 Rad8 19. Kh1 Qf5 20. Rf2
a6 21. Nd5 Bxd5 22. Qxd5 Qxd5 23. Rxd5 Rfe8 24. g4 Re4 25. Kg2 Kf8 26. Kf3 Rc4
27. c3 Rc5 28. Rfd2 Rxd5 29. Rxd5 Ke7 30. Ke4 Kd7 31. Rd2 1/2-1/2

[Event "Bad Woerishofen 2017 - Senioren"]
[Site "Bad Woerishofen"]
[Date "2017.03.13"]
[Round "4.19"]
[White "Engbrecht, Helmut"]
[Black "Heppell, Ian"]
[Result "1/2-1/2"]
[WhiteElo "1951"]
[BlackElo "2077"]
[Annotator "chessorg"]
[PlyCount "34"]
[EventDate "2017.??.??"]
[WhiteTeam "SV Schorndorf"]
[BlackTeam "Wimbledon"]

1. e4 e5 2. Nc3 Nf6 3. Nf3 d6 4. d4 exd4 5. Qxd4 Be7 6. e5 dxe5 7. Qxd8+ Bxd8
8. Nxe5 O-O 9. Bc4 Bf5 10. Bb3 Nbd7 11. Nxd7 Re8+ 12. Be3 Nxd7 13. O-O-O Nf6
14. h3 c6 15. g4 Bg6 16. Rhg1 Ba5 17. Bd4 Ne4 1/2-1/2

[Event "Bad Woerishofen 2017 - Senioren"]
[Site "Bad Woerishofen"]
[Date "2017.03.13"]
[Round "4.20"]
[White "Schirmer, Werner"]
[Black "Keller, Harald"]
[Result "0-1"]
[WhiteElo "1918"]
[BlackElo "2075"]
[Annotator "chessorg"]
[PlyCount "52"]
[EventDate "2017.??.??"]
[WhiteTeam "Hamburger SK von 1830 eV"]
[BlackTeam "SV Rottweil"]

1. e4 Nf6 2. e5 Nd5 3. d4 d6 4. Nf3 Nb6 5. exd6 cxd6 6. Be2 g6 7. O-O Bg7 8.
Bg5 h6 9. Bh4 O-O 10. c3 Be6 11. Nbd2 Nc6 12. Re1 g5 13. Bg3 f5 14. Bb5 Bf7 15.
h3 Nd5 16. Nf1 a6 17. Bd3 f4 18. Bh2 e5 19. Be4 exd4 20. Nxd4 Nxd4 21. cxd4 Qb6
22. Qf3 Nf6 23. Bf5 Rfe8 24. g3 Rxe1 25. Rxe1 Qa5 26. Qxb7 Rf8 0-1

[Event "Bad Woerishofen 2017 - Senioren"]
[Site "Bad Woerishofen"]
[Date "2017.03.15"]
[Round "4.21"]
[White "Meinke, Dietlind"]
[Black "Waltenberger, Udo"]
[Result "0-1"]
[WhiteElo "1904"]
[BlackElo "2055"]
[Annotator "chessorg"]
[PlyCount "194"]
[EventDate "2017.??.??"]
[WhiteTeam "MTV Leck von 1889"]
[BlackTeam "SV Eiche Reichenbrand"]

1. e4 c5 2. Nc3 Nc6 3. f4 g6 4. Nf3 Bg7 5. Bb5 Nd4 6. O-O Nxb5 7. Nxb5 d5 8.
exd5 a6 9. Nc3 Nf6 10. d3 Nxd5 11. Bd2 O-O 12. Nxd5 Qxd5 13. Bc3 Bg4 14. Bxg7
Kxg7 15. Rf2 Rad8 16. h3 Bc8 17. Qe2 e6 18. Qe5+ f6 19. Qxd5 Rxd5 20. Re1 b5
21. Re3 Re8 22. Rfe2 Kf7 23. Kf2 Rf5 24. Kg3 Bb7 25. Nh4 Rh5 26. Nf3 Rf5 27.
Nh4 Rd5 28. Nf3 h6 29. h4 h5 30. Re1 Rf5 31. c3 Bxf3 32. Rxf3 e5 33. fxe5 fxe5
34. Rxf5+ gxf5 35. Kf3 Kf6 36. g3 Rd8 37. Ke3 c4 38. dxc4 bxc4 39. Kf3 Rd3+ 40.
Re3 Rxe3+ 41. Kxe3 Ke6 42. b4 cxb3 43. axb3 Kd5 44. Kd3 Kc5 45. Ke3 Kb5 46. Kd2
a5 47. Kd3 Kc5 48. Ke3 e4 49. Kd2 Kb5 50. Ke3 a4 51. bxa4+ Kxa4 52. Kd4 Kb5 53.
c4+ Kc6 54. c5 Kd7 55. Ke3 Ke7 56. Kd4 Ke6 57. Kc4 Kd7 58. Kd4 Kc7 59. Kc3 Kc6
60. Kc4 Kb7 61. Kd4 Ka6 62. Kc3 Kb5 63. Kd4 Ka5 64. Kc4 Ka6 65. Kc3 Kb7 66. Kd4
Kc8 67. Kc3 Kd8 68. Kc4 Ke7 69. Kc3 Kf6 70. Kd4 Ke6 71. Kc4 Ke5 72. Kb5 e3 73.
c6 Kd6 74. Kb6 e2 75. c7 e1=Q 76. c8=Q Qb4+ 77. Ka6 Qa4+ 78. Kb6 Qb4+ 79. Ka6
Qg4 80. Qc3 Qe2+ 81. Kb6 Kd5 82. Qc5+ Ke4 83. Kc6 Qf3 84. Qc4+ Ke3+ 85. Kc5 Kf2
86. Qf7 Kxg3 87. Qf6 Qg4 88. Qg5 f4 89. Kd4 f3+ 90. Ke3 Kg2 91. Qd5 Qg3 92. Kd2
Qxh4 93. Qg8+ Qg4 94. Qd5 Kg1 95. Qd3 Qg2+ 96. Kc3 f2 97. Qe3 Qh2 0-1

[Event "Bad Woerishofen 2017 - Senioren"]
[Site "Bad Woerishofen"]
[Date "2017.03.15"]
[Round "4.23"]
[White "Braeu, Ludwig"]
[Black "Schneider, Alexander"]
[Result "1/2-1/2"]
[WhiteElo "1878"]
[BlackElo "2029"]
[Annotator "chessorg"]
[PlyCount "62"]
[EventDate "2017.??.??"]
[WhiteTeam "Markt Oberdorf"]
[BlackTeam "Schachclub  WHV von 1887 e.V."]

1. c4 f5 2. g3 Nf6 3. Bg2 g6 4. Nc3 Bg7 5. e3 O-O 6. Nge2 e5 7. d3 c6 8. e4 d6
9. O-O Na6 10. h3 Nc5 11. f4 Qe7 12. b4 Ncd7 13. Rb1 exf4 14. Bxf4 Nh5 15. Bd2
Ne5 16. Qc2 Bd7 17. Kh2 fxe4 18. Nxe4 Rxf1 19. Rxf1 Rf8 20. Bg5 Nf6 21. d4 Nxc4
22. Nxf6+ Bxf6 23. Rxf6 Rxf6 24. Bxf6 Qxf6 25. Qxc4+ d5 26. Qd3 Qf2 27. Qf3 Qe1
28. Nc3 Bf5 29. g4 Bd7 30. a3 Qc1 31. Ne2 Qd2 1/2-1/2

[Event "Bad Woerishofen 2017 - Senioren"]
[Site "Bad Woerishofen"]
[Date "2017.03.15"]
[Round "4.24"]
[White "Nordby, Bernt"]
[Black "Klett, Thomas"]
[Result "1/2-1/2"]
[WhiteElo "2015"]
[BlackElo "1896"]
[Annotator "chessorg"]
[PlyCount "88"]
[EventDate "2017.??.??"]
[WhiteTeam "Fredrikstad SS"]
[BlackTeam "SV Urach"]

1. d4 Nf6 2. Nf3 e6 3. c4 Bb4+ 4. Nbd2 O-O 5. a3 Be7 6. e4 d6 7. Be2 c5 8. d5
e5 9. O-O Ne8 10. b4 b6 11. Ne1 f5 12. exf5 Bxf5 13. Bd3 Bxd3 14. Nxd3 Nf6 15.
f3 Nbd7 16. Nf2 Qe8 17. Qc2 Nh5 18. Nde4 Qg6 19. Ra2 Rxf3 20. Ng5 Qxc2 21. Rxc2
Rb3 22. Nfe4 Nhf6 23. Nd2 Rd3 24. Ngf3 Ng4 25. Ne1 Ne3 26. Nxd3 Nxc2 27. Ne4
Nd4 28. Bg5 Bxg5 29. Nxg5 Nf6 30. bxc5 bxc5 31. Rb1 e4 32. Nf4 e3 33. Kf1 h6
34. Nf3 Ne4 35. Rb2 Nxf3 36. gxf3 Nd2+ 37. Ke2 Nxc4 38. Rb7 g5 39. Nh5 a5 40.
Nf6+ Kf8 41. a4 Ra6 42. Kd3 Ne5+ 43. Kxe3 Nf7 44. f4 Ra8 1/2-1/2

[Event "Bad Woerishofen 2017 - Senioren"]
[Site "Bad Woerishofen"]
[Date "2017.03.15"]
[Round "4.25"]
[White "Krueger, Norbert"]
[Black "Mcandrew, Robert"]
[Result "1/2-1/2"]
[WhiteElo "2006"]
[BlackElo "1888"]
[Annotator "chessorg"]
[PlyCount "38"]
[EventDate "2017.??.??"]
[WhiteTeam "Ratinger SK"]
[BlackTeam "Gambit bonnevoie"]

1. e4 c5 2. c3 Nf6 3. e5 Nd5 4. d4 cxd4 5. cxd4 e6 6. Nf3 Nc6 7. Nc3 Nxc3 8.
bxc3 d6 9. exd6 Bxd6 10. Bd3 Ne7 11. O-O Bd7 12. Re1 Ng6 13. Ne5 O-O 14. Qf3
Rb8 15. Nxd7 Qxd7 16. Be3 Qc7 17. c4 Bxh2+ 18. Kh1 Bd6 19. Rab1 b6 1/2-1/2

[Event "Bad Woerishofen 2017 - Senioren"]
[Site "Bad Woerishofen"]
[Date "2017.03.13"]
[Round "4.26"]
[White "Schmidt, Ruediger"]
[Black "Speicher, Franz"]
[Result "1/2-1/2"]
[WhiteElo "2001"]
[BlackElo "1886"]
[Annotator "chessorg"]
[PlyCount "34"]
[EventDate "2017.??.??"]
[BlackTeam "Dicker Turm Esslingen"]

1. c4 c6 2. Nc3 d5 3. cxd5 cxd5 4. d4 Nf6 5. Nf3 Nc6 6. Bf4 Bf5 7. e3 e6 8. Bd3
Bxd3 9. Qxd3 Bb4 10. O-O Bxc3 11. bxc3 Nh5 12. Bg5 f6 13. Bh4 g5 14. Bg3 Nxg3
15. hxg3 Qd6 16. c4 dxc4 17. Qxc4 Qd5 1/2-1/2

[Event "Bad Woerishofen 2017 - Senioren"]
[Site "Bad Woerishofen"]
[Date "2017.03.15"]
[Round "4.27"]
[White "Bohnstorff, Michael"]
[Black "Koch, Dieter"]
[Result "1-0"]
[WhiteElo "2042"]
[BlackElo "1725"]
[Annotator "chessorg"]
[PlyCount "99"]
[EventDate "2017.??.??"]
[WhiteTeam "SC Turm Lueneburg e.V."]
[BlackTeam "SC Ammersee"]

1. d4 d6 2. c3 Nd7 3. g3 e5 4. Bg2 c6 5. Nd2 f5 6. dxe5 dxe5 7. Nc4 Qf6 8. Nf3
h6 9. h4 Qe6 10. b3 Ngf6 11. Qc2 Bc5 12. Be3 Be7 13. Bh3 Ng4 14. Bxg4 fxg4 15.
Nfd2 b5 16. Nb2 O-O 17. Ne4 Qf5 18. O-O-O Nb6 19. Nd6 Bxd6 20. Qxf5 Bxf5 21.
Rxd6 Nd5 22. Nd1 a5 23. Bc5 Rfc8 24. f3 b4 25. e4 Bh7 26. exd5 gxf3 27. dxc6
Be4 28. Re1 Bxc6 29. Rxe5 a4 30. Bxb4 Rab8 31. Kb2 Bb5 32. Re7 Be2 33. Nf2 Re8
34. Rdd7 Rxe7 35. Rxe7 Ra8 36. c4 axb3 37. axb3 Rb8 38. Kc3 Ra8 39. Rd7 Ra1 40.
Rd2 Rg1 41. g4 Rg2 42. Bc5 Bf1 43. Rd8+ Kh7 44. h5 Be2 45. Bd4 Rg1 46. Rd7 Kg8
47. Rxg7+ Kf8 48. Rg6 Rc1+ 49. Kd2 Rb1 50. Kc2 1-0

[Event "Bad Woerishofen 2017 - Senioren"]
[Site "Bad Woerishofen"]
[Date "2017.03.13"]
[Round "4.28"]
[White "Gundersen, Helge"]
[Black "Dietl, Robert"]
[Result "1-0"]
[WhiteElo "2134"]
[BlackElo "1893"]
[Annotator "chessorg"]
[PlyCount "49"]
[EventDate "2017.??.??"]
[BlackTeam "SK Koenigsbrunn"]

1. e4 Nf6 2. Nc3 e5 3. g3 d5 4. exd5 Nxd5 5. Bg2 Nxc3 6. bxc3 Nc6 7. Nf3 Bc5 8.
O-O O-O 9. Qe2 Qf6 10. d3 Bg4 11. Qe4 Bf5 12. Qc4 Bb6 13. Ng5 Qg6 14. g4 Bxg4
15. Qxg4 h6 16. Be4 Qd6 17. Nf3 Ne7 18. Nh4 f5 19. Nxf5 Nxf5 20. Bxf5 Rf6 21.
Be3 Raf8 22. Be4 Rf4 23. Bxf4 Rxf4 24. Qc8+ Rf8 25. Qxb7 1-0

[Event "Bad Woerishofen 2017 - Senioren"]
[Site "Bad Woerishofen"]
[Date "2017.03.13"]
[Round "4.29"]
[White "Weinwurm, Wolfgang"]
[Black "Hansch, Klaus-Michael"]
[Result "1-0"]
[WhiteElo "2133"]
[BlackElo "1890"]
[Annotator "chessorg"]
[PlyCount "37"]
[EventDate "2017.??.??"]
[WhiteTeam "Ternitz"]
[BlackTeam "SC Weisse Dame e.V."]

1. e4 d5 2. exd5 Nf6 3. Nf3 Nxd5 4. d4 Bg4 5. h3 Bh5 6. c4 Nb6 7. c5 N6d7 8.
Qb3 Bxf3 9. Qxf3 c6 10. Bg5 Nf6 11. Bc4 Nbd7 12. Qb3 e6 13. Qxb7 Qb8 14. Qxc6
Qb4+ 15. Bd2 Qb8 16. Nc3 Qc8 17. Qxc8+ Rxc8 18. Ba6 Rb8 19. c6 1-0

[Event "Bad Woerishofen 2017 - Senioren"]
[Site "Bad Woerishofen"]
[Date "2017.03.13"]
[Round "4.30"]
[White "Trefzer, Erhard"]
[Black "Ganslmayer, Anton"]
[Result "1/2-1/2"]
[WhiteElo "1886"]
[BlackElo "2046"]
[Annotator "chessorg"]
[PlyCount "35"]
[EventDate "2017.??.??"]
[WhiteTeam "SV Besigheim"]
[BlackTeam "SC Eichenau"]

1. e4 e6 2. d4 d5 3. Nd2 dxe4 4. Nxe4 Bd7 5. Nf3 Bc6 6. Bd3 Nd7 7. Qe2 Ngf6 8.
c3 Be7 9. O-O Nxe4 10. Bxe4 Bxe4 11. Qxe4 c6 12. Bf4 Nf6 13. Qc2 O-O 14. Ng5 h6
15. Ne4 Qd5 16. Nxf6+ Bxf6 17. Rfe1 Rfe8 18. Be5 1/2-1/2

[Event "Bad Woerishofen 2017 - Senioren"]
[Site "Bad Woerishofen"]
[Date "2017.03.13"]
[Round "4.31"]
[White "Wulf, Adalbert"]
[Black "Sand, Rolf"]
[Result "0-1"]
[WhiteElo "1840"]
[BlackElo "2041"]
[Annotator "chessorg"]
[PlyCount "60"]
[EventDate "2017.??.??"]
[WhiteTeam "SV Ennigerloh-Oelde"]

1. d4 Nf6 2. Nc3 d5 3. Nf3 g6 4. Bf4 Bg7 5. e3 O-O 6. Bd3 c5 7. O-O cxd4 8.
exd4 Nc6 9. a3 Bg4 10. Be2 e6 11. Ne5 Bxe2 12. Nxe2 Rc8 13. h3 Ne4 14. c3 Nxe5
15. Bxe5 f6 16. Bf4 Qd7 17. Rb1 Nd6 18. Bxd6 Qxd6 19. Qd2 e5 20. Rfd1 e4 21.
Qf4 Qd7 22. h4 f5 23. Ng3 h5 24. Nf1 Kh7 25. Ne3 Bh6 26. Qe5 Rcd8 27. c4 dxc4
28. Nxc4 Bg7 29. Qg3 Bxd4 30. Ne5 Qg7 0-1

[Event "Bad Woerishofen 2017 - Senioren"]
[Site "Bad Woerishofen"]
[Date "2017.03.15"]
[Round "4.32"]
[White "Urban, Rudolf"]
[Black "Harsch, Martin"]
[Result "0-1"]
[WhiteElo "1833"]
[BlackElo "2014"]
[Annotator "chessorg"]
[PlyCount "78"]
[EventDate "2017.??.??"]
[WhiteTeam "Roter Turm Altstadt Muenchen"]
[BlackTeam "Saanenland"]

1. d4 d5 2. Nf3 Nf6 3. Bf4 c5 4. c3 Qb6 5. Qb3 c4 6. Qc2 g6 7. Nbd2 Bf5 8. Qc1
Nbd7 9. e3 Qc6 10. h3 b5 11. Be2 h5 12. Be5 Bg7 13. O-O Nxe5 14. Nxe5 Qc8 15.
Bf3 O-O 16. a4 a6 17. Re1 Ne4 18. Be2 f6 19. Nef3 g5 20. Nxe4 Bxe4 21. Nh2 Bg6
22. Bf3 Qd7 23. Qd1 h4 24. e4 e6 25. exd5 exd5 26. Ng4 Rfe8 27. Ne3 Be4 28.
Bxe4 dxe4 29. Qg4 Qb7 30. Nf5 Rad8 31. axb5 axb5 32. Re3 Ra8 33. Rae1 Bf8 34.
Rxe4 Rxe4 35. Qxe4 Qxe4 36. Rxe4 Ra1+ 37. Kh2 Ra2 38. Ne3 Bd6+ 39. g3 Rxb2 0-1

[Event "Bad Woerishofen 2017 - Senioren"]
[Site "Bad Woerishofen"]
[Date "2017.03.15"]
[Round "4.33"]
[White "Walther, Reinhard"]
[Black "Reimann, Guenther"]
[Result "1/2-1/2"]
[WhiteElo "2008"]
[BlackElo "1873"]
[PlyCount "90"]
[EventDate "2017.??.??"]
[WhiteTeam "SK 1911 Herzogenaurach e.V."]
[BlackTeam "SC Magstadt"]

1. d4 e6 2. c4 f5 3. Nc3 Nf6 4. Nf3 d5 5. e3 c6 6. Qc2 Bd6 7. cxd5 exd5 8. Bd3
Ne4 9. Ne5 O-O 10. f3 Nxc3 11. bxc3 Qe7 12. f4 g6 13. h4 c5 14. Qf2 Nd7 15. Qg3
Kh8 16. Bd2 Nf6 17. Qg5 Ng8 18. Kf2 Qxg5 19. hxg5 Bxe5 20. dxe5 c4 21. Bc2 Kg7
22. Bc1 Bd7 23. Ba3 Rfe8 24. e6 Rxe6 25. Bc5 Re7 26. Rh3 Rf7 27. Rah1 h5 28.
gxh6+ Kh7 29. g4 Nf6 30. gxf5 Bxf5 31. Bxf5 gxf5 32. Bd4 b5 33. Rb1 a6 34. a4
Ng4+ 35. Ke2 Rb8 36. axb5 Rxb5 37. Rxb5 axb5 38. Kd2 Nxh6 39. Kc2 Kg6 40. Kb2
Ng4 41. Ka3 Rh7 42. Rxh7 Kxh7 43. Kb4 Kg6 44. Kxb5 Kf7 45. Kc6 Ke6 1/2-1/2

[Event "Bad Woerishofen 2017 - Senioren"]
[Site "Bad Woerishofen"]
[Date "2017.03.15"]
[Round "4.34"]
[White "Zwetz, Anita"]
[Black "Spurga, Josef"]
[Result "1/2-1/2"]
[WhiteElo "1813"]
[BlackElo "2007"]
[Annotator "chessorg"]
[PlyCount "139"]
[EventDate "2017.??.??"]
[WhiteTeam "TSV Kareth-Lappersdorf"]
[BlackTeam "VfL Sindelfingen"]

1. d4 Nf6 2. Bg5 d5 3. Nf3 Nbd7 4. e3 e6 5. Bd3 c5 6. c3 Be7 7. Nbd2 O-O 8. h4
b6 9. Qe2 Bb7 10. Bxf6 Nxf6 11. e4 dxe4 12. Nxe4 Nxe4 13. Bxe4 Bxe4 14. Qxe4
Qd5 15. Qxd5 exd5 16. O-O-O Rfd8 17. Rd2 c4 18. Re2 Bd6 19. Rhe1 h6 20. g3 b5
21. Ne5 Rac8 22. Ng4 a5 23. Ne3 Bf8 24. Nf5 Rc7 25. Re8 Rcd7 26. Rxd8 Rxd8 27.
Ne7+ Kh7 28. Nc6 Rc8 29. Nxa5 Ra8 30. Nb7 b4 31. Re5 bxc3 32. Rxd5 Rxa2 33.
bxc3 Rxf2 34. Nd6 Rf6 35. Ne4 Rf3 36. Kc2 f5 37. Nd2 Rf2 38. Kd1 Kg6 39. Nxc4
Kf6 40. Re5 f4 41. Nd2 Rh2 42. Ne4+ Kg6 43. gxf4 Rxh4 44. f5+ Kf7 45. c4 Be7
46. Ke2 Ke8 47. d5 Kd7 48. Re6 Rf4 49. d6 Bd8 50. Re5 Bf6 51. Nxf6+ gxf6 52.
Rd5 Rxc4 53. Kf3 Rc6 54. Rd1 h5 55. Rh1 Kxd6 56. Rxh5 Ke5 57. Kg4 Rc4+ 58. Kf3
Rf4+ 59. Kg3 Rf1 60. Kg4 Rf4+ 61. Kg3 Rxf5 62. Rxf5+ Kxf5 63. Kf3 Ke5 64. Ke3
f5 65. Kf3 f4 66. Kf2 Ke4 67. Ke2 f3+ 68. Kf2 Kf4 69. Kf1 Ke3 70. Ke1 1/2-1/2

[Event "Bad Woerishofen 2017 - Senioren"]
[Site "Bad Woerishofen"]
[Date "2017.03.15"]
[Round "4.35"]
[White "Niedermaier, Peter"]
[Black "Leutz, Hans"]
[Result "0-1"]
[WhiteElo "1808"]
[BlackElo "1968"]
[Annotator "chessorg"]
[PlyCount "122"]
[EventDate "2017.??.??"]
[WhiteTeam "SU Ebersberg-Grafing"]

1. e4 c6 2. d4 d5 3. Nd2 dxe4 4. Nxe4 Nd7 5. Nf3 Ngf6 6. Nxf6+ Nxf6 7. h3 e6 8.
Bd3 Qc7 9. O-O Bd6 10. c3 O-O 11. Qc2 h6 12. Re1 b6 13. Ne5 Bb7 14. Qe2 c5 15.
Ng4 Qe7 16. Nxh6+ gxh6 17. Qe3 Ne8 18. Qxh6 f6 19. Rxe6 Qg7 20. Bg6 Bd5 21. Re1
cxd4 22. cxd4 f5 23. Qxg7+ Kxg7 24. Bh5 Nf6 25. Bd1 Rae8 26. Rxe8 Rxe8 27. Bd2
Ne4 28. Bf3 Kf6 29. Bxe4 Rxe4 30. Bc3 f4 31. a3 Kf5 32. Re1 Rxe1+ 33. Bxe1 Ke4
34. Bc3 Kd3 35. Kf1 Bxa3 36. g4 fxg3 37. fxg3 b5 38. g4 b4 39. Be1 Bxb2 40.
Bxb4 Bxd4 41. g5 Ke4 42. Ke2 Kf5 43. Be7 a5 44. Kd3 Bf2 45. Bf6 a4 46. Kc2 a3
47. Kb1 Bc5 48. Ka1 Kg6 49. Kb1 Be6 50. h4 Kh5 51. Ka1 Kxh4 52. Kb1 Bf7 53. Ka1
Kg4 54. Kb1 Kf3 55. Ka1 Ke2 56. Kb1 Kd3 57. Ka1 Kc2 58. Be5 Be3 59. g6 Bg8 60.
g7 Bc1 61. Bd4 Bb2+ 0-1

[Event "Bad Woerishofen 2017 - Senioren"]
[Site "Bad Woerishofen"]
[Date "2017.03.13"]
[Round "4.36"]
[White "Korth, Manfred"]
[Black "Scholz, Herbert"]
[Result "1-0"]
[WhiteElo "1929"]
[BlackElo "1838"]
[Annotator "chessorg"]
[PlyCount "93"]
[EventDate "2017.??.??"]
[WhiteTeam "SC Heideck-Hilpoltstein"]
[BlackTeam "Post SV Neustadt"]

1. d3 e5 2. e4 d5 3. Nd2 Nf6 4. Ngf3 Nc6 5. c3 Be7 6. Be2 O-O 7. O-O b5 8. a3
a5 9. exd5 Nxd5 10. c4 bxc4 11. Nxc4 Bf6 12. Re1 Bf5 13. Bf1 Re8 14. Ra2 a4 15.
Nfd2 Nf4 16. Ne4 Bh4 17. Ne3 Bxe4 18. dxe4 Qg5 19. Qg4 h5 20. Qxg5 Bxg5 21. Bb5
Re6 22. Nd5 Ra7 23. h4 Bh6 24. Bxf4 exf4 25. Bxc6 Kf8 26. Nb4 f3 27. Rd1 Rd6
28. Rxd6 cxd6 29. gxf3 Rc7 30. Bxa4 Rc1+ 31. Kg2 g5 32. hxg5 Bxg5 33. Nd5 f5
34. exf5 Rc5 35. Ne3 Bxe3 36. fxe3 Rxf5 37. b4 Rg5+ 38. Kh3 d5 39. f4 Rg1 40.
Rd2 Re1 41. Rd3 d4 42. exd4 Ke7 43. Bc6 Kf6 44. d5 Kf5 45. d6 Kxf4 46. d7 h4
47. d8=Q 1-0

[Event "Bad Woerishofen 2017 - Senioren"]
[Site "Bad Woerishofen"]
[Date "2017.03.15"]
[Round "4.38"]
[White "Di Lazzaro, Gabriele"]
[Black "Huhn, Ulrich"]
[Result "1-0"]
[WhiteElo "1914"]
[BlackElo "1808"]
[Annotator "chessorg"]
[PlyCount "139"]
[EventDate "2017.??.??"]
[BlackTeam "SF Siemensstadt"]

1. d4 d5 2. Nf3 Nf6 3. Bf4 Bf5 4. e3 e6 5. Ne5 Nbd7 6. g4 Bg6 7. h4 h6 8. Nxg6
fxg6 9. Bd3 Kf7 10. Qf3 Bd6 11. Rg1 e5 12. dxe5 Nxe5 13. Bxe5 Bxe5 14. c3 g5
15. hxg5 hxg5 16. Nd2 Qd7 17. O-O-O Raf8 18. Nc4 Re8 19. Nxe5+ Rxe5 20. e4 c6
21. exd5 cxd5 22. Bf5 Qa4 23. Rd4 Qxa2 24. Bb1 Qa5 25. Rgd1 Rhe8 26. Rb4 Qc7
27. Ba2 Qc6 28. Rbd4 Ke6 29. Bb3 Qb5 30. Ba4 Qa5 31. Bxe8 Nxe8 32. Qd3 Nf6 33.
f3 b5 34. Kb1 Qb6 35. Qd2 a5 36. Re1 Qd6 37. Rxe5+ Qxe5 38. Rd3 Qf4 39. Qe3+
Kf7 40. Qa7+ Kg6 41. Qxa5 Qc4 42. Kc2 d4 43. b3 Qc6 44. Qb4 dxc3 45. Qxc3 Qe6
46. Rd2 Qa6 47. Kb2 Qe6 48. Qd3+ Kf7 49. Qxb5 Qe8 50. Qxg5 Qe7 51. Qf4 Kg8 52.
Qc4+ Kf8 53. Qd4 Qe1 54. g5 Ne8 55. f4 Qe6 56. Qb4+ Kf7 57. Qc4 Qxc4 58. bxc4
Kg6 59. Rd8 Nc7 60. Rc8 Ne6 61. Rc6 Kf5 62. Rxe6 Kxe6 63. Kb3 g6 64. Kb4 Kd6
65. Kb5 Kc7 66. Kc5 Kd7 67. Kd5 Ke7 68. Ke5 Kf7 69. c5 Ke7 70. c6 1-0

[Event "Bad Woerishofen 2017 - Senioren"]
[Site "Bad Woerishofen"]
[Date "2017.03.13"]
[Round "4.39"]
[White "Mack, Friedemann"]
[Black "Abegg, Beat"]
[Result "0-1"]
[WhiteElo "1517"]
[BlackElo "1904"]
[Annotator "chessorg"]
[PlyCount "80"]
[EventDate "2017.??.??"]
[WhiteTeam "TSG Steinheim"]
[BlackTeam "SK Altdorf"]

1. d4 d5 2. Nf3 c6 3. e3 Nf6 4. c4 Bg4 5. Be2 e6 6. Bd2 Nbd7 7. h3 Bxf3 8. Bxf3
Bd6 9. cxd5 exd5 10. Nc3 O-O 11. O-O Re8 12. a3 Qe7 13. Qb3 Nb6 14. Ne2 Nc4 15.
Qc2 g6 16. b3 Nxa3 17. Qd3 Nb5 18. Nc3 Nxc3 19. Bxc3 Ne4 20. Bxe4 Qxe4 21. Qxe4
Rxe4 22. Bd2 f5 23. f3 Re7 24. Kf2 a6 25. Rfc1 Rae8 26. Re1 Kf7 27. Rh1 f4 28.
Rae1 fxe3+ 29. Bxe3 Bg3+ 30. Kxg3 Rxe3 31. Rxe3 Rxe3 32. Rb1 Rd3 33. Kf4 Rxd4+
34. Ke5 Rb4 35. g4 a5 36. Kd6 a4 37. g5 Rxb3 38. Re1 Rxf3 39. Re7+ Kf8 40. Kd7
Rf7 0-1

[Event "Bad Woerishofen 2017 - Senioren"]
[Site "Bad Woerishofen"]
[Date "2017.03.13"]
[Round "4.40"]
[White "Blutharsch, Walter"]
[Black "Bjorgvik, Jan Arne"]
[Result "1-0"]
[WhiteElo "1869"]
[BlackElo "1779"]
[Annotator "chessorg"]
[PlyCount "45"]
[EventDate "2017.??.??"]
[WhiteTeam "VfL Sindelfingen"]

1. e4 d5 2. exd5 Qxd5 3. Nc3 Qd8 4. Nf3 Nf6 5. d3 e6 6. Be2 Be7 7. O-O h6 8.
Bd2 O-O 9. Qc1 Kh7 10. d4 Ng8 11. Bd3+ f5 12. Ne2 Bf6 13. Rd1 b6 14. Bb4 Re8
15. Ne5 Bb7 16. Qe3 a5 17. Ba3 b5 18. Qh3 g5 19. Qh5 Bxe5 20. dxe5 Qc8 21. Bxb5
c6 22. Qf7+ Kh8 23. Bc4 1-0